000 00552nam a2200193Ia 4500
005 20250326142121.0
008 250326s9999 xx 000 0 und d
020 _a0-87692-383-10
037 _aTextbook
040 _aFMSL
_beng
_cFMSL
041 _aeng
_2eng
084 _aX:89T M6
_qFMSL
100 _aDatta A K
_9135346
245 0 _aIntegrated materials management: functional approach
_cDatta A K
260 _aNew Delhi
_bNew Delhi, Prentice-Hall
_c1986
300 _a399p
942 _cTB
_hX:89T M6
999 _c1293514
_d1293514